Banking Principles and Operations (Record no. 12209)

MARC details
000 -LEADER
fixed length control field 00339nam a22001457a 4500
003 - CONTROL NUMBER IDENTIFIER
control field OSt
008 - FIXED-LENGTH DATA ELEMENTS--GENERAL INFORMATION
fixed length control field 240130b |||||||| |||| 00| 0 eng d
020 ## - INTERNATIONAL STANDARD BOOK NUMBER
International Standard Book Number 9788181592828
100 ## - MAIN ENTRY--PERSONAL NAME
Personal name GOPINATH,MN
245 ## - TITLE STATEMENT
Title Banking Principles and Operations
250 ## - EDITION STATEMENT
Edition statement 7th Ed
260 ## - PUBLICATION, DISTRIBUTION, ETC. (IMPRINT)
Place of publication, distribution, etc Mumbai
Name of publisher, distributor, etc Showwhite
Date of publication, distribution, etc 2017
300 ## - PHYSICAL DESCRIPTION
Extent 804
942 ## - ADDED ENTRY ELEMENTS (KOHA)
Source of classification or shelving scheme Dewey Decimal Classification
Koha item type Text Books
Holdings
Withdrawn status Lost status Source of classification or shelving scheme Damaged status Not for loan Collection code Home library Current library Date acquired Source of acquisition Currency Cost, normal purchase price Bill Number Total Checkouts Full call number Acc. no. / Barcode Date last seen Actual Cost, discounted price Bill Date Koha item type
    Dewey Decimal Classification     BBA PIET C-LIBRARY PIET C-LIBRARY 20/01/2024 Zafaa Books and Distributors In rupees 995.00 ZBD0340   332.1 GOB 35427 30/01/2024 746.25 20/01/2024 Reference Books
    Dewey Decimal Classification     BBA PIET C-LIBRARY PIET C-LIBRARY 20/01/2024 Zafaa Books and Distributors In rupees 995.00 ZBD0340   332.1 GOB 35428 30/01/2024 746.25 20/01/2024 Text Books
    Dewey Decimal Classification     BBA PIET C-LIBRARY PIET C-LIBRARY 20/01/2024 Zafaa Books and Distributors In rupees 995.00 ZBD0340   332.1 GOB 35429 30/01/2024 746.25 20/01/2024 Text Books

Design & Developed by: PIET Central Library
R70 Miles Stone Pattikalyana Samalkha Panipat 132102
mail ID :- [email protected], Phone No:- 0180-2569700 Ex.216